Most Populated Capitals by Letter - Statistics

General Stats
  • This quiz has been taken 23 times
  • The average score is 20 of 24
Answer Stats
Capital City % Correct
B Beijing
100%
C Cairo
100%
J Jakarta
100%
Q Quito
100%
T Tokyo
100%
D Dhaka
94%
L London
94%
M Mexico City
94%
N New Delhi
94%
U Ulaanbaatar
94%
I Islamabad
88%
K Kinshasa
88%
S Seoul
88%
Z Zagreb
88%
H Hanoi
82%
R Riyadh
82%
W Warsaw
82%
P Pyongyang
71%
F Freetown
65%
Y Yaoundé
65%
A Addis Ababa
59%
O Ottawa
59%
V Vienna
59%
G Guatemala CIty
53%
No matching quizzes found
Score Distribution
Percent of People with Each Score
Percentile by Number Answered
Your Score History
You have not taken this quiz